Meranie a zhodnotenie intenzity osvetlenia na pracovisku
Gespeichert in:
| 1. Verfasser: | |
|---|---|
| Weitere Verfasser: | |
| Format: | Manuskript Buch |
| Sprache: | Slowakisch |
| Veröffentlicht: |
2015
|
| Schlagworte: | |
| Online-Zugang: | http://is.stuba.sk/zp/portal_zp.pl?podrobnosti=112488 |
| Tags: |
Keine Tags, Fügen Sie das erste Tag hinzu!
|
MARC
| LEADER | 00000ntm a22000003a 4500 | ||
|---|---|---|---|
| 001 | stuzp49553 | ||
| 003 | SK-STU | ||
| 005 | 20160719153321.2 | ||
| 007 | ta | ||
| 008 | 150427s2015----xo-----f-mn---000-0-slo-d | ||
| 040 | |a STU |b slo | ||
| 041 | 0 | |a slo | |
| 100 | 1 | |a Szabová, Marianna |u 065000 |4 aut |U MTF Materiálovotechnologická fakulta |T MTF Ústav bezpečnosti, environmentu a kvality |X 44270 |U M5000 |Y 85 |7 44270 | |
| 242 | 0 | 1 | |a Measurement and evaluation of light intensity in the workplace |y eng |
| 245 | 1 | 0 | |a Meranie a zhodnotenie intenzity osvetlenia na pracovisku |
| 260 | |c 2015 | ||
| 650 | 4 | |a osvetlenie |2 slo | |
| 650 | 4 | |a umelé osvetlenie |2 slo | |
| 650 | 4 | |a pracovné prostredie |2 slo | |
| 650 | 4 | |a meranie osvetlenia |2 slo | |
| 650 | 4 | |a svetlo |2 slo | |
| 650 | 4 | |a light |2 eng | |
| 650 | 4 | |a lighting |2 eng | |
| 650 | 4 | |a artificial light |2 eng | |
| 650 | 4 | |a workplace |2 eng | |
| 650 | 4 | |a light measurement |2 eng | |
| 700 | 1 | |a Kuracina, Richard |4 ths |X 38282 |7 A000038282 | |
| 856 | 4 | |u http://is.stuba.sk/zp/portal_zp.pl?podrobnosti=112488 | |
| 996 | |c M* BP-7486 |l MMSKP |s P |a 0 |w stuzp49553_0001 | ||
| SQL | |a stuzp49553 |b DBP |c SLO |d Meranie a zhodnotenie intenzity osvetlenia na pracovisku |e 44270 |f Szabová, Marianna |g 065000 |h 38282 |i Kuracina, Richard |j 20150623 |k 169 |l 06 |m http://is.stuba.sk/zp/portal_zp.pl?podrobnosti=112488 |n B-BOZ |o 8.3.5. bezpečnosť a ochrana zdravia pri práci | ||